000 00708nam a2200205Ii 4500
003 JO-AjNU
008 230605s9999||||xx |||||||||||||| ||und||
040 _aJO-AjNU
_bara
_erda
_cJO-AjNU
041 _aara
050 1 4 _aK2205.4.S2864.1999
100 3 _a سوادي، عبد الباقي محمود ,
_eauthor
_946627
245 0 0 _aمسؤولية المحامي المدنية عن أخطائة المهنية
250 _aط2
264 3 1 _aعمان : مكتبة دار الثقافة ، 1999
300 _a361ص
336 _atext
_btxt
_2rdacontent
337 _aunmediated
_bn
_2rdamedia
338 _avolume
_bnc
_2rdacarrier
650 4 _aالمسؤولية المدنية -- قوانين
_946628
999 _aA20299
_c23867
_d23867